00684nam a2200193 a 450000100060000000300090000600800410001504000280005608200160008410000260010024501210012625000060024726000540025330000100030765000430031765000400036065000380040065000520043812676CO-ViMGA141112s2004 ck r 000 u spa d aCO-ViMGAbspacCO-ViMGA04a336.86 V35g1 aVelez, Carlos Eduardo10aGasto Social y Desigualdad : blogros y extravíos, Estudio de la incidencia del gasto público social en Colombia a1 aBogotá : bDepartamento de Planeación, c1996 a442p.14aCOLOMBIA - Política ECONOMICA - 199214aCOLOMBIA - Política SOCIAL - 199214aGASTOS PUBLICOS - COLOMBIA - 199214aPolítica DE GASTOS PUBLICOS - COLOMBIA - 1992